SAP MM purchasing : (Record no. 83087)

MARC details
000 -LEADER
fixed length control field 00580nam a22001817a 4500
005 - DATE AND TIME OF LATEST TRANSACTION
control field 20140424152445.0
010 ## - LCCN (DPL NO)
LC control number ENG-109582
020 ## - INTERNATIONAL STANDARD BOOK NUMBER
International Standard Book Number 9788120348516
Terms of availability 795.00
035 ## - SYSTEM CONTROL NUMBER
System control number EN-93115
037 ## - SOURCE OF ACQUISITION
Source of stock number/acquisition DBAD/PUB
082 ## - DEWEY DECIMAL CLASSIFICATION NUMBER
Classification number 658.70285
100 ## - MAIN ENTRY--PERSONAL NAME
Personal name Agrawal, P.K.
245 ## - TITLE STATEMENT
Title SAP MM purchasing :
Statement of responsibility, etc by P.K. Agrawal
Remainder of title technical reference and learning guide /
260 ## - PUBLICATION, DISTRIBUTION, ETC. (IMPRINT)
Place of publication, distribution, etc Delhi
Name of publisher, distributor, etc PHI Learning
Date of publication, distribution, etc 2014
270 ## - ADDRESS
Address Rimjhim House, 111, Patparganj Industrial Estate
City Delhi
Postal code 110092
300 ## - PHYSICAL DESCRIPTION
Extent xxxix,856p. :
Dimensions 24cm(pbk)
Other physical details ill.
942 ## - ADDED ENTRY ELEMENTS (KOHA)
Source of classification or shelving scheme Dewey Decimal Classification
Item type English Books
Call number suffix AGR
Classification part 658.70285
Holdings
Withdrawn status Lost status Not for loan Collection code Home library Current library Date acquired Source of acquisition Cost, normal purchase price Full call number Barcode Copy number Cost, replacement price Koha item type
    Not For Loan Non-fiction D.B.Act.Division D.B.Act.Division 19/03/2014 DBAD/PUB 795.00 658.70285 AGR EN-93115 1 795.00 English Books

© Delhi Public Library
Hit Counter
free hit counter